000 00641nam a2200229 i 4500
001 C2-0071313
003 PPAK
005 20190630222153.0
008 970429s1990 enka|||| ||||| | eng d
040 _aPPAK
_beng
_cPPAK
_erda
082 0 4 _a914.504
_223
090 0 0 _a914.504
_bGAR
_dR
100 1 _aGarrould, Anne,
_eauthor
245 1 0 _aImages of Italy
264 1 _aLondon :
_bOctopus Books ,
_c1990
300 _a143 pages :
_billustrations ;
_c28 cm
336 _2rdacontent
_atext
337 _2rdamedia
_aunmediated
338 _2rdacarrier
_avolume
650 1 0 _aItaly - Description and travel - Pictorial works
942 _ddc
_cB
999 _c8717
_d8717